Las mil noches y una noche / (Record no. 41588)
[ view plain ]
| 000 -CABECERA | |
|---|---|
| campo de control de longitud fija | 00690nam a2200193 a 4500 |
| 001 - NÚMERO DE CONTROL | |
| campo de control | 000042099 |
| 005 - FECHA Y HORA DE LA ÚLTIMA TRANSACCIÓN | |
| campo de control | 20201002035934.0 |
| 008 - DATOS DE LONGITUD FIJA--INFORMACIÓN GENERAL | |
| campo de control de longitud fija | 131114s19-- mx a 000 0 spa d |
| 040 ## - FUENTE DE LA CATALOGACIÓN | |
| Centro catalogador/agencia de origen | DO-SdBNP |
| Lengua de catalogación | spa |
| Centro/agencia transcriptor | BNPHU |
| 082 ## - NÚMERO DE LA CLASIFICACIÓN DECIMAL DEWEY | |
| Número de clasificación | xxxxx |
| Número de documento/Ítem | xxxxx |
| 100 1# - ENTRADA PRINCIPAL--NOMBRE DE PERSONA | |
| Nombre de persona | Blasco Ibañez, Vicente |
| 9 (RLIN) | 69095 |
| 240 10 - TÍTULO UNIFORME | |
| Título uniforme | Alf laila wa-laila |
| 245 14 - MENCIÓN DE TÍTULO | |
| Título | Las mil noches y una noche / |
| Mención de responsabilidad, etc. | Vicente Blasco Ibañez ; traducción J. C. Mardrus ; ilustración Jorge Carreras. |
| 260 ## - PUBLICACIÓN, DISTRIBUCIÓN, ETC. | |
| Lugar de publicación, distribución, etc. | México : |
| Nombre del editor, distribuidor, etc. | Ahrmex, |
| Fecha de publicación, distribución, etc. | 19--? |
| 300 ## - DESCRIPCIÓN FÍSICA | |
| Extensión | 1686 p. : |
| Otras características físicas | il. ; |
| Dimensiones | 18 cm. |
| 500 ## - NOTA GENERAL | |
| Nota general | Incluye notas y referencias bibliográficas al pie de las páginas |
| 700 1# - PUNTO DE ACCESO ADICIONAL--NOMBRE DE PERSONA | |
| Nombre de persona | Mardrus, J. C., |
| Término indicativo de función/relación | tr. |
| 9 (RLIN) | 66650 |
| 700 1# - PUNTO DE ACCESO ADICIONAL--NOMBRE DE PERSONA | |
| Nombre de persona | Carreras, Jorge, |
| Término indicativo de función/relación | il. |
| 9 (RLIN) | 69096 |
| Estado de retiro | Estado de pérdida | Restricciones de uso | No para préstamo | Código de colección | Localización permanente | Ubicación/localización actual | Ubicación en estantería | Fecha de adquisición | Número de inventario | Total de préstamos | Signatura topográfica completa | Código de barras | Fecha visto por última vez | Precio válido a partir de | Tipo de ítem Koha | Número de copia |
|---|---|---|---|---|---|---|---|---|---|---|---|---|---|---|---|---|
| Excluido de préstamo | Monografías: Libros y Folletos | General | General | Depósito | 14.11.2013 | LF1 | xxxxx xxxxx | 42099-10 | 25.06.2020 | 25.06.2020 | No se presta | |||||
| Excluido de préstamo | Monografías: Libros y Folletos | General | General | Depósito | 14.11.2013 | LF1 | xxxxx xxxxx | 42099-20 | 25.06.2020 | 25.06.2020 | No se presta | e. 2 |
